Nabankur The Seeding Tale/ (Record no. 163185)

MARC details
000 -LEADER
fixed length control field 00441nam a22001697a 4500
005 - DATE AND TIME OF LATEST TRANSACTION
control field 20190401124104.0
010 ## - LCCN (DPL NO)
LC control number EN-48036
020 ## - INTERNATIONAL STANDARD BOOK NUMBER
International Standard Book Number 8185604304
Terms of availability 250.00
035 ## - SYSTEM CONTROL NUMBER
System control number EN-48036
037 ## - SOURCE OF ACQUISITION
Source of stock number/acquisition Mandira Sen for street
082 ## - DEWEY DECIMAL CLASSIFICATION NUMBER
Classification number N
100 ## - MAIN ENTRY--PERSONAL NAME
Personal name Sanyal, Sulekha
245 ## - TITLE STATEMENT
Title Nabankur The Seeding Tale/
Statement of responsibility, etc Sulekha Sanya
260 ## - PUBLICATION, DISTRIBUTION, ETC. (IMPRINT)
Place of publication, distribution, etc Calcutta
Name of publisher, distributor, etc Mandira Sen for Street
Date of publication, distribution, etc 2001
300 ## - PHYSICAL DESCRIPTION
Extent 245p.
Dimensions 22cm(pbk)
942 ## - ADDED ENTRY ELEMENTS (KOHA)
Source of classification or shelving scheme Dewey Decimal Classification
Item type English Books
Classification part N
Call number suffix SAN
Holdings
Withdrawn status Lost status Not for loan Collection code Home library Current library Date acquired Full call number Barcode Koha item type
      Non-fiction Sarojini Nagar Sarojini Nagar 01/04/2019 N SAN EN-48036 English Books

© Delhi Public Library
Hit Counter
free hit counter